000
00314nam a2200121Ia 4500
005
20251222155104.0
008
251222s9999||||xx |||||||||||||| ||spa||
082
_a
EBA.78
100
_a
JIMENEZ DE ESQUENAZI,T
245
0
_a
El proceso de EnfermerĂa Una MetodologĂa para la p.
264
_b
No tiene
942
_c
LIB
999
_c
37799
_d
37799